| 000 | 00865nam a22002537a 4500 | ||
|---|---|---|---|
| 999 |
_c1654 _d1654 |
||
| 003 | AR-CdUCM | ||
| 008 | 190227b ||||| |||| 00| 0 spa d | ||
| 040 |
_aMUNICIPALIDAD PROVINCIAL DEL CUSCO _cBIBLIOTECA MUNICIPAL DEL CUSCO |
||
| 082 |
_a331.19 / _bG18 |
||
| 100 |
_aGalenson, Walter _96154 |
||
| 245 | _aProblemas laborales de los países en desarrollo / | ||
| 260 |
_aMéxico : _bLimusa Wiley , _c1962. |
||
| 300 |
_a320 páginas ; _c22 cm. |
||
| 505 | _aPakistán -- Indonesia -- Brasil, Argentina y Chile -- Israel -- Turquía. | ||
| 650 |
_aProblemas laborales. _96155 |
||
| 650 |
_aDesempleo en Europa. _96156 |
||
| 700 |
_aWeatherford, Willis _96157 |
||
| 700 |
_aHawkins, Everett _96158 |
||
| 700 |
_aAlexsander, Robertt _96159 |
||
| 700 |
_aSobel, Irvin _96160 |
||
| 700 |
_aRosen, Sumner _96161 |
||
| 942 |
_2ddc _cLIBROS |
||
| 945 |
_awfj _d2019-02-27 |
||